| 000 | 00555nam a2200229Ia 4500 | ||
|---|---|---|---|
| 008 | 160819s9999 xx 000 0 und d | ||
| 020 | _a978-1-84476-432-7 | ||
| 050 | _aCUL TX 740 | ||
| 050 | _b.F73 2007 | ||
| 100 | _aFranco, Silvana. | ||
| 245 | _aQuick & easy tapas / | ||
| 245 | _cSilvana Franco. | ||
| 260 | _aLondon : | ||
| 260 | _bSouthwater, | ||
| 260 | _c2007 | ||
| 300 | _a95 pages : | ||
| 300 | _bcolor illustrations ; | ||
| 300 | _c28 cm. | ||
| 500 | _aIncludes index. | ||
| 650 | _aCooking, Spanish. | ||
| 650 | _xAppetizers. | ||
| 999 |
_c300729 _d300729 |
||